000 01091cam a22001934a 4500
005 20250605164235.0
008 250528s ||||||||||||||||||||||||d
035 _a21113
020 _a9780199291151
040 _aGR-AtMCL
_bgre
_dGR-AtMCL
_eAACR2
245 1 _aThe Selfish Gene / The Million Copy International Seller
260 _bOxford University Press,
_c2006
300 _a360
520 _aThis book is a widely regarded as a masterpiece of science writing, and its insights remain as relevant today as on the day it was published. Introduction to 3oth Anniversary Edition, Preface, Why are People?, The Replicators, Immortal Coils, The Gene Machine, Aggression: Stability and the Selfish Machine, Genesmanship, Family Planning, Battle of the Generations, Battle of the Sexes, You Scratch my Back and I'll Ride on Yours, Memes: The New Replicators, Nice Guys Finish First, The Long Reach of the Gene, Endnotes, Updated Bibliography, Index and Key to Bibliography, Extracts from Reviews.
700 1 _aDawkins Richard
_97142
942 _cBK
999 _c6182
_d6182